000 00506nam a2200181Ia 4500
001 16249
005 20260306170255.0
008 260306t2023||||xx |||||||||||||| ||und||
041 _aESP
082 _a347.51
_bH46 2023
100 _aHerrada Bazán, Víctor,
_eAUT
245 0 _aLa exclusión de socios en la ley general de sociedades :
_bdoctrina, legislación y jurisprudencia
260 _c2023
300 _a350 páginas :
_c25 cm.
650 _aGEN
654 _aCDE
942 _cLIB
_dJUS
_fJUS
_2ddc
_n
999 _c16249
_d16249